Textos de los grandes filósofos: edad contemporánea
Uloženo v:
| Hlavní autor: | |
|---|---|
| Médium: | Kniha |
| Jazyk: | španělština |
| Vydáno: |
Barcelona, España
Herder
1977
|
| Vydání: | Segunda edición |
| Edice: | Curso de Filosofía Tomista,
15 |
| Témata: | |
| Tagy: |
Přidat tag
Žádné tagy, Buďte první, kdo vytvoří štítek k tomuto záznamu!
|
MARC
| LEADER | 00000nam a2200000 a 4500 | ||
|---|---|---|---|
| 001 | UCL0763 | ||
| 003 | CL-VaPUC | ||
| 005 | 20210603001335.0 | ||
| 008 | 030818e19770000SP |||||||||||||||||spa|d | ||
| 999 | |c 304544 |d 304542 | ||
| 020 | |a 8425409543 | ||
| 040 | |c Pontificia Universidad Católica de Valparaíso | ||
| 082 | 0 | 4 | |a 190 CAN 1977 |2 21 |
| 100 | 0 | |a Canals Vidal, F |e author |9 477506 | |
| 245 | 1 | 0 | |a Textos de los grandes filósofos: |b edad contemporánea |
| 250 | |a Segunda edición | ||
| 260 | |a Barcelona, España |b Herder |c 1977 | ||
| 300 | |a 288 páginas | ||
| 490 | 0 | |a Curso de Filosofía Tomista, |v 15 | |
| 583 | |a last modification |c 20030818 00:00:00 |k Rodrigo Vera | ||
| 650 | 0 | |a Filosofía contemporánea |9 265372 | |
| 650 | 0 | |a Escuelas filosóficas |9 266232 | |
| 650 | 0 | |a Historia de la filosofía |9 256920 | |
| 942 | |c BK |2 ddc | ||
| 945 | |d 20030818 00:00:00 |a cmena | ||
| 952 | |0 0 |1 0 |2 ddc |4 0 |6 190_000000000000000_CAN_1977 |7 0 |8 A |9 366909 |a BIBDER |b BIBDER |d 2019-11-21 |i 3918912 |o 190 CAN 1977 |p 3918912 |r 2023-01-25 |t 1 |w 2019-11-21 |y BK |k DER | ||